U.S. Postal Service Documents and Publications

Detalles Bibliográficos
Formato: Electrónico Seriadas
Publicado: [S.l.] : [s.n.]
Materias:
Acceso en línea:Full text available from Research Library: 01/22/2016 to 11/28/2017

MARC

LEADER 00000nas a22000003u 4500
001 ssib007776669
003 WaSeSS
005 20200512172242.0
006 m d
007 cr n
008 200512uuuuuuuuu||||| |ss|||||| ||||||d
035 |a (WaSeSS)ssib007776669 
040 |a WaSeSS  |c WaSeSS  |d WaSeSS 
245 0 0 |a U.S. Postal Service Documents and Publications  |h [electronic resource]. 
260 |a [S.l.] :  |b [s.n.] 
500 |a Title from content provider. 
506 |a License restrictions may limit access. 
655 0 |a Electronic journals. 
856 4 0 |z Full text available from Research Library: 01/22/2016 to 11/28/2017  |u https://search.proquest.com/publication/3748034